[Event "Let's Play Chess!"]
[Site "http://www.queenalice.com/game.php?id=1553808"]
[Date "2018.12.24"]
[Round "-"]
[White "linmatheus"]
[Black "charles31"]
[Result "0-1"]
[WhiteElo "1794"]
[BlackElo "1566"]

1. e4 e5 2. Bc4 Nf6 3. d3 a6 4. Bg5 h6 5. Bh4 Be7 6. Nc3 d6 7. Nge2 Nc6 8. O-O
Be6 9. Bxe6 fxe6 10. f4 exf4 0-1

[Event "AUTO-ADV-4110"]
[Site "http://www.queenalice.com/game.php?id=1554013"]
[Date "2018.12.25"]
[Round "1"]
[White "linmatheus"]
[Black "Sirius"]
[Result "1-0"]
[WhiteElo "1685"]
[BlackElo "1682"]

1. e4 d6 2. Bc4 e5 3. d3 Nc6 4. Qh5 g6 5. Qf3 Be6 6. Bxe6 fxe6 7. h4 Nd4 8. Qd1
Be7 9. Nf3 c5 10. Bg5 h6 11. Bxe7 Kxe7 12. Nbd2 Qb6 13. Nxd4 exd4 14. b3 Nf6 15.
Nc4 Qb4+ 16. Nd2 b5 17. O-O g5 18. h5 Nxh5 19. Nf3 g4 20. Nh2 g3 21. fxg3 Nxg3
22. Rf3 Rag8 23. Nf1 Nxf1 24. Rxf1 h5 25. Qf3 Kd7 26. Qf7+ Kc6 27. Qxa7 Ra8 28.
Qf7 Qd2 29. Qxe6 Rhg8 30. Qd5+ Kb6 31. Qxd6+ Ka5 32. Qc7+ Kb4 33. a3+ Kc3 34.
Qxc5+ Kb2 35. Rfb1# 1-0

[Event "AUTO-ADV-4110"]
[Site "http://www.queenalice.com/game.php?id=1554014"]
[Date "2018.12.25"]
[Round "1"]
[White "Sirius"]
[Black "linmatheus"]
[Result "0-1"]
[WhiteElo "1710"]
[BlackElo "1736"]

1. d4 d5 2. e3 Nf6 3. Bb5+ Nc6 4. Nc3 Bf5 5. h3 h6 6. Nf3 a6 7. Bxc6+ bxc6 8.
O-O e6 9. Ne5 Qd6 10. a3 Rb8 11. Na4 Nd7 12. Nxd7 Qxd7 13. Nc5 Bxc5 14. dxc5 g5
15. f4 Be4 16. Qd4 Ke7 17. Qa4 Rbg8 18. g4 h5 19. Qxa6 hxg4 20. fxg5 Rxh3 21.
Qe2 Rh1+ 22. Kf2 Rh2+ 23. Ke1 Rxe2+ 24. Kxe2 Qc8 25. c3 Qa6+ 26. Kf2 g3+ 27. Ke1
g2 28. Rg1 Rh8 0-1

[Event "AUTO-ADV-4110"]
[Site "http://www.queenalice.com/game.php?id=1554015"]
[Date "2018.12.25"]
[Round "1"]
[White "linmatheus"]
[Black "belzinha"]
[Result "0-1"]
[WhiteElo "1709"]
[BlackElo "1500"]

1. e4 e5 2. Bc4 Nf6 3. Nc3 Bc5 4. Nf3 b6 5. d4 exd4 6. Nxd4 Bxd4 7. Qxd4 d6 8.
Bg5 c5 9. Qd2 O-O 10. O-O h6 0-1

[Event "AUTO-ADV-4110"]
[Site "http://www.queenalice.com/game.php?id=1554017"]
[Date "2018.12.25"]
[Round "1"]
[White "linmatheus"]
[Black "Olipika"]
[Result "1-0"]
[WhiteElo "1739"]
[BlackElo "1584"]

1. e4 c5 2. Nf3 Nc6 3. d4 cxd4 4. Nxd4 Nf6 5. Nc3 a6 6. Be3 d5 7. exd5 Nxd5 8.
Bc4 e6 9. Nxd5 exd5 10. Nxc6 bxc6 11. Bd3 Bd6 12. O-O Be6 13. f4 Qh4 14. Qe2 O-O
15. Bf2 Qg4 16. Bxa6 Bxf4 17. Qxg4 Bxg4 18. Bd3 f5 19. Bc5 Rf6 20. Rxf4 Re8 21.
a4 g5 22. Rf2 f4 23. a5 f3 24. gxf3 Bxf3 25. a6 g4 26. a7 g3 27. hxg3 Ra8 28.
Ba6 Rf7 29. c4 h5 30. Re1 Raf8 31. Bxf8 1-0

[Event "AUTO-ADV-4110"]
[Site "http://www.queenalice.com/game.php?id=1554018"]
[Date "2018.12.25"]
[Round "1"]
[White "Olipika"]
[Black "linmatheus"]
[Result "0-1"]
[WhiteElo "1602"]
[BlackElo "1701"]

1. c4 e5 2. Nc3 Nf6 3. e4 Nc6 4. f3 Bc5 5. Be2 Nd4 6. a3 a5 7. Nh3 d6 8. b3 O-O
9. Bb2 Be6 10. d3 Qd7 11. f4 Bxh3 12. gxh3 Qxh3 13. Na4 Qh4+ 14. Kd2 Nxb3+ 15.
Qxb3 Ng4 16. Nxc5 dxc5 17. Bxg4 Qxg4 18. Bxe5 Rfd8 19. Raf1 Qg2+ 20. Kc3 Rxd3+
21. Kxd3 Rd8+ 22. Ke3 Qd2+ 23. Kf3 Rd3+ 24. Qxd3 Qxd3+ 25. Kg4 Qd7+ 26. f5 Qd3
27. Bxg7 Qxe4+ 28. Kg5 Kxg7 29. f6+ Kf8 30. Rf4 Qg2+ 31. Kh6 Qg6# 0-1

[Event "Challenge"]
[Site "http://www.queenalice.com/game.php?id=1559596"]
[Date "2019.2.4"]
[Round "-"]
[White "datmyhorsie"]
[Black "linmatheus"]
[Result "1-0"]
[WhiteElo "1761"]
[BlackElo "1751"]

1. e4 e5 2. Nf3 Nc6 3. Bb5 d6 4. d4 Bd7 5. d5 Nce7 6. Bxd7+ Qxd7 7. Nc3 Nf6 8.
Bg5 Ng6 9. Bxf6 gxf6 10. Qd2 O-O-O 11. Qe3 f5 12. Qxa7 c6 13. dxc6 Qxc6 14. Ng5
1-0

[Event "AEAP 2019"]
[Site "http://www.queenalice.com/game.php?id=1561337"]
[Date "2019.2.18"]
[Round "1"]
[White "linmatheus"]
[Black "MarcosT"]
[Result "1/2-1/2"]
[WhiteElo "1749"]
[BlackElo "1821"]

1. e4 c5 2. Nf3 Nc6 3. d4 cxd4 4. Bd3 e5 5. Nbd2 d6 6. O-O Bg4 7. c3 a6 8. Qb3
Rb8 9. cxd4 Bxf3 10. Nxf3 exd4 11. Qa4 h6 12. Nxd4 Ne7 13. Nf5 Nxf5 14. exf5 Be7
15. Bd2 O-O 16. Bc3 Bf6 17. Rad1 Bxc3 18. bxc3 Ne5 19. Qd4 Nxd3 20. Rxd3 b5 21.
Qxd6 Qa5 22. Qg3 Rb6 23. Rf3 Rf6 24. Ra1 b4 25. cxb4 Qxb4 26. Rb3 Qd4 27. Qc3
Qf4 28. Qf3 Qxf5 29. Qxf5 Rxf5 30. Rb6 Rf6 31. Rxf6 1/2-1/2

[Event "Let's Play Chess!"]
[Site "http://www.queenalice.com/game.php?id=1566327"]
[Date "2019.4.2"]
[Round "-"]
[White "linmatheus"]
[Black "alterego"]
[Result "1-0"]
[WhiteElo "1737"]
[BlackElo "1787"]

1. e4 c5 2. Nf3 d6 3. Bc4 e6 4. Nc3 Nf6 5. d4 cxd4 6. Nxd4 g6 7. Bg5 Bg7 8. O-O
O-O 9. Qd2 a6 10. Rad1 Bd7 11. Nf3 Nc6 12. e5 dxe5 13. Bxf6 Bxf6 14. Qxd7 Qxd7
15. Rxd7 b5 16. Bd3 e4 17. Bxe4 b4 18. Bxc6 Rac8 19. Bb7 Rc5 20. Ne4 Rxc2 21.
Nxf6+ Kg7 22. Ne4 Rxb2 23. Rd2 Rxd2 24. Nexd2 a5 25. Ra1 Rb8 26. Be4 a4 27. Bc2
a3 28. Bb3 Rb5 29. Rc1 e5 30. Rc7 1-0

[Event "Let's Play Chess!"]
[Site "http://www.queenalice.com/game.php?id=1566328"]
[Date "2019.4.2"]
[Round "-"]
[White "ulisses34"]
[Black "linmatheus"]
[Result "1-0"]
[WhiteElo "1736"]
[BlackElo "1755"]

1. e4 e5 2. Nf3 Nc6 3. c3 Nf6 4. d3 d5 5. exd5 Qxd5 6. Be2 Bd6 7. Nbd2 e4 8.
dxe4 Nxe4 9. Bc4 Qf5 10. Qe2 O-O 11. Qxe4 Qxe4+ 12. Nxe4 Re8 13. Nd2 Bf5 14. Bd5
Na5 15. O-O Re5 16. c4 Bb4 17. f3 c6 18. f4 cxd5 19. fxe5 Bxe4 20. Nxe4 dxe4 21.
b3 Bc5+ 22. Kh1 Bd4 23. Rb1 Nc6 24. e6 fxe6 25. Ba3 e3 26. Rfe1 a5 27. Re2 Ne5
28. Bb2 Bxb2 29. Rbxb2 Rd8 30. h3 Nd3 31. Rb1 Nf2+ 32. Kh2 Rd3 33. Rbe1 Nd1 34.
Kg3 Kf7 35. Kf3 Kf6 36. Ke4 Rd8 37. Rf1+ Ke7 38. Ree1 e2 39. Rf3 Rd2 40. a3 Kd6
41. Rd3+ Rxd3 42. Kxd3 Nf2+ 43. Kxe2 Ne4 44. Rd1+ Ke5 45. Kf3 Ng5+ 46. Kg4 h6
47. h4 Nf7 48. Rd7 Kf6 49. Rxb7 Ne5+ 50. Kg3 Nd3 51. Rb5 e5 52. Kf3 Kf5 53. g4+
Ke6 54. Rxa5 Nc1 55. Ra6+ Kf7 56. b4 Nd3 57. c5 1-0

[Event "Challenge from Jujubeesloco"]
[Site "http://www.queenalice.com/game.php?id=1566336"]
[Date "2019.4.2"]
[Round "-"]
[White "jujubeesloco"]
[Black "linmatheus"]
[Result "1-0"]
[WhiteElo "1714"]
[BlackElo "1650"]

1. c4 e5 2. e4 Nc6 3. Nf3 Nf6 4. d3 Bc5 5. Bd2 O-O 6. Be2 d6 7. Nc3 Be6 8. Bg5
h6 9. Bh4 Nd4 10. O-O Nxf3+ 11. Bxf3 a6 12. a3 b5 13. cxb5 axb5 14. Nxb5 Qb8 15.
a4 Ne8 16. Rb1 c6 17. Nc3 Nc7 18. b3 Bd4 19. Ne2 Bb6 20. Be7 Re8 21. Bxd6 Qd8
22. Ba3 Ba5 23. d4 exd4 24. Qxd4 Rb8 25. Bb2 Qxd4 26. Bxd4 Rxb3 27. Nf4 Reb8 28.
Ra1 Bc4 29. Rfd1 Ne6 30. Nxe6 Bxe6 31. h3 1-0

[Event "4"]
[Site "http://www.queenalice.com/game.php?id=1567709"]
[Date "2019.4.15"]
[Round "-"]
[White "zubarev"]
[Black "linmatheus"]
[Result "1-0"]
[WhiteElo "1583"]
[BlackElo "1738"]

1. a3 e5 2. e4 Nc6 3. Nf3 Nf6 4. d3 d5 5. Bg5 Be7 6. Be2 O-O 7. Nc3 dxe4 8. Nxe4
Nxe4 9. Bxe7 Qxe7 10. dxe4 f5 11. O-O fxe4 12. Nd2 Bf5 13. Nb3 Rad8 14. Qe1 Nd4
15. Nxd4 1-0